| 000 | 01075cam a22003257a 4500 | ||
|---|---|---|---|
| 003 | CHAP | ||
| 005 | 20220817043805.0 | ||
| 008 | 010822d2000 mx r 00110 spa d | ||
| 010 | _a84493 | ||
| 011 | _a85465 | ||
| 020 | _a9701860071 | ||
| 035 | _a95998 | ||
| 040 | _cCHAP | ||
| 082 | 0 | 4 |
_a517 _bL6 |
| 100 | 0 | 0 |
_aLora Mendieta, Juan. _968507 |
| 245 | 1 | 0 |
_aAprendiendo y aplicando geometría analítica _c/por Juan Lora Mendienta y Gilberto Orozco Mayren |
| 260 |
_aMéxico, D.F. : _bDirección General de Educación Tecnológica Agropecuaria, _c2000. |
||
| 300 | _a448 p. | ||
| 590 |
_aBATCH-UPD _b10 _c20130110 _lUCH01 _h0706 |
||
| 590 |
_aBATCH-UPD _b10 _c20130110 _lUCH01 _h2347 |
||
| 590 |
_aBATCH-UPD _b10 _c20130410 _lUCH01 _h0351 |
||
| 590 |
_aBATCH-UPD _b10 _c20130914 _lUCH01 _h1540 |
||
| 590 |
_aCONVERSION _b10 _c20130109 _lUCH01 _h1347 |
||
| 650 | 1 | 4 |
_aGeometría analítica. _947654 |
| 700 | 0 | _aOrozco Mayren, Gilberto. | |
| 901 | _aBK | ||
| 905 | _aLilia Sánchez G. | ||
| 942 | _cLIBRO | ||
| 949 |
_a517 L6 _bBC _cLIBRO _d33724002009009 _eLIBRO _h101214 _i95998 _si |
||
| 999 |
_c84493 _d84493 |
||